Stealing the network : how to own a shadow: the chase for Knuth /

The best-selling Stealing the Network series reaches its climactic conclusion as law enforcement and organized crime form a high-tech web in an attempt to bring down the shadowy hacker-villain known as Knuth in the most technically sophisticated Stealing book yet. Stealing the Network: How to Own a...

Full description

Bibliographic Details
Main Author: Long, Johnny
Corporate Authors: Black Hat Press (Goodhue, Minn.), ScienceDirect (Online service)
Other Authors: Russell, Ryan, 1969-, Mullen, Timothy M., Pinzon, D. Scott
Format: eBook
Language:English
Published: Rockland, Mass. : Syngress, 2007.
Subjects:
Online Access:Connect to the full text of this electronic book

MARC

Tag First Indicator Second Indicator Subfields
LEADER 00000cam a2200000Ia 4500
001 in00002425259
005 20190327171531.0
006 m d
007 cr cn|
008 070806s2007 maua o 000 1 eng d
020 |a 9781597490818 
020 |a 1597490814 
029 1 |a NZ1  |b 11778599 
035 |a (OCoLC)ocn162597508 
035 |a (OCoLC)162597508 
037 |a 133969:134095  |b Elsevier Science & Technology  |n http://www.sciencedirect.com 
040 |a OPELS  |c OPELS  |d OPELS  |d UtOrBLW 
049 |a TXAM 
050 1 4 |a PS3612.O497  |b S747 2007eb 
082 0 4 |a 005.8  |2 22 
100 1 |a Long, Johnny. 
245 1 0 |a Stealing the network :  |b how to own a shadow: the chase for Knuth /  |c Johnny Long, Timothy (Thor) Mullen, Ryan Russell ; [D. Scott Pinzon, story editor]. 
246 3 0 |a How to own a shadow 
264 1 |a Rockland, Mass. :  |b Syngress,  |c 2007. 
300 |a 1 online resource. 
336 |a text  |b txt  |2 rdacontent 
337 |a computer  |b c  |2 rdamedia 
338 |a online resource  |b cr  |2 rdacarrier 
520 |a The best-selling Stealing the Network series reaches its climactic conclusion as law enforcement and organized crime form a high-tech web in an attempt to bring down the shadowy hacker-villain known as Knuth in the most technically sophisticated Stealing book yet. Stealing the Network: How to Own a Shadow is the final book in Syngress ground breaking, best-selling, Stealing the Network series. As with previous title, How to Own a Shadow is a fictional story that demonstrates accurate, highly detailed scenarios of computer intrusions and counter-strikes. In How to Own a Thief, Knuth, the master-mind, shadowy figure from previous books, is tracked across the world and the Web by cyber adversaries with skill to match his own. Readers will be amazed at how Knuth, Law Enforcement, and Organized crime twist and torque everything from game stations, printers and fax machines to service provider class switches and routers steal, deceive, and obfuscate. From physical security to open source information gathering, Stealing the Network: How to Own a Shadow will entertain and educate the reader on every page. The books companion Web site will also provide special, behind-the-scenes details and hacks for the reader to join in the chase for Knuth. The final book in the Stealing the Network series will be a must read for the 50,000 readers worldwide of the first three titles The companion Web site to the book will provide challenging scenarios from the book to allow the reader to track down Knuth Law enforcement and security professionals will gain practical, technical knowledge for apprehending the most supplicated cyber-adversaries. 
500 |a "Black hat"--Cover. 
500 |a "... fourth book in the "Stealing the network series."--Preface." 
500 |a Sequel to: Stealing the network : how to own an identity. 
520 |a This is the final book in Syngress ground breaking, best-selling, Stealing the Network series. As with previous titles, How to Own a Shadow is a fictional story that demonstrates accurate, highly detailed scenarios of computer intrusions and counter-strikes. Knuth, the master-mind, shadowy figure from previous books, is tracked across the world and the Web by cyber adversaries with skill to match his own. Readers will be amazed at how Knuth, law enforcement, and organized crime twist and torque everything from game stations, printers, and fax machines to service provider class switches and routers to steal, deceive, and obfuscate. From physical security to open source information gathering, this book will entertain and educate the reader on every page. 
505 0 0 |t Travel plans --  |t Back in the saddle --  |t Old man and a ghost --  |t Rootkit --  |g Paul--  |t The birth of Pawn --  |t Dishonorable discharge --  |t McGaylver --  |g Appendix :  |t Flashback to Knuth. 
500 |a Electronic resource. 
650 0 |a Hackers  |v Fiction. 
650 0 |a Computer security  |v Fiction. 
650 0 |a Cyberterrorism  |v Fiction. 
655 7 |a Electronic books.  |2 local 
700 1 |a Russell, Ryan,  |d 1969- 
700 1 |a Mullen, Timothy M. 
700 1 |a Pinzon, D. Scott. 
710 2 |a Black Hat Press (Goodhue, Minn.) 
776 1 |c Original  |z 1597490814  |z 9781597490818  |w (OCoLC)82899565 
710 2 |a ScienceDirect (Online service) 
856 4 0 |u http://proxy.library.tamu.edu/login?url=http://www.sciencedirect.com/science/book/9781597490818  |z Connect to the full text of this electronic book  |t 0 
994 |a 92  |b TXA 
999 |a MARS 
999 f f |s df654c4c-3b88-3719-a231-a9c42f6345a0  |i f778dc4d-5d7e-3c7a-8d28-a0d4b59bba5e  |t 0 
952 f f |a Texas A&M University  |b College Station  |c Electronic Resources  |d Available Online  |t 0  |e PS3612.O497 S747 2007eb  |h Library of Congress classification 
998 f f |a PS3612.O497 S747 2007eb  |t 0  |l Available Online